Ładuje się......
Puranic encyclopaedia
| 1. autor: | |
|---|---|
| Format: | Printed Book |
| Wydane: |
Kottayam, Gurunadhan publications
1974
|
| Wydanie: | Ed.4 |
| Hasła przedmiotowe: |
| LEADER | 005620000a22002050004500 | ||
|---|---|---|---|
| 022 | |a 06-07-2004 | ||
| 041 | |a Malayalam | ||
| 082 | |a 294.592 503 L4 | ||
| 100 | |a Mani, Vettom | ||
| 245 | |a Puranic encyclopaedia | ||
| 250 | |a Ed.4 | ||
| 260 | |a Kottayam, Gurunadhan publications | ||
| 260 | |c 1974 | ||
| 465 | |a R 125 | ||
| 650 | |a Encyclopaedia | ||
| 650 | |a Hinduism | ||
| 650 | |a Puranas | ||
| 942 | |c BK | ||
| 999 | |c 143805 |d 143801 | ||
| 952 | |0 0 |1 0 |4 0 |6 294_592000000000000_503_L4 |7 0 |9 142585 |a SCC |b SCC |d 2017-10-11 |l 0 |o 294.592 503 L4 |p SCC02901 |r 2017-10-11 |w 2017-10-11 |y BK | ||